| 000 | 02076nam a22002297a 4500 | ||
|---|---|---|---|
| 008 | 250303e20250107po |||||o|||| 00| 0 eng d | ||
| 041 | _aeng | ||
| 110 | _aRoyal Institution of Chartered Surveyors | ||
| 245 |
_aNovember 2024 RICS/Ci Portuguese Housing Market Survey _h[Electronic resource] |
||
| 260 |
_bRoyal Institution of Chartered Surveyors & Confidencial Imobilario _c7 January 2025 |
||
| 300 | _a5p | ||
| 490 | _aPortuguese Housing Market Survey | ||
| 520 | _aRICS, in partnership with Confidencial Imobiliario, produces the Portuguese Housing Market Survey, a sentiment survey that collects and analyses the opinions of professionals in agency and development about the prices, availability and demand of residential property in three areas of the country: Greater Lisbon, Greater Oporto and the Algarve. The November 2024 edition of the RICS/Ci PHMS returned results that are somewhat flatter than those seen previously, with most metrics pointing to a slight dip in momentum. This is evident across both the sales and lettings market. New buyer enquiries have slipped into neutral territory, with the net balance falling to -2% from last month’s +5%. Alongside this, the net balance for new instructions also fell slightly from -15% to -16%, thereby continuing the trend of firmly negative readings seen over many months. A regional breakdown of this figure reveals that, despite some easing in negativity across Porto (with the net balance moving from -35% to -11%), the lack of new properties coming to market appears to have worsened over the last month in both Lisbon (-7% to -14%) and the Algarve (-11% to -33%). | ||
| 650 | _aHOUSING MARKET | ||
| 650 | _aRESIDENTIAL PROPERTY | ||
| 651 | _aPortugal | ||
| 690 |
_aResidential property _96266 |
||
| 710 | _aRoyal Institution of Chartered Surveyors | ||
| 710 | _aConfidencial Imobiliário | ||
| 856 |
_uhttps://www.rics.org/content/dam/ricsglobal/documents/market-surveys/Portuguese-housing-market-survey-November-2024.pdf _zAvailable on RICS.org |
||
| 942 | _n0 | ||
| 999 |
_c122110 _d122110 |
||